000 01079nam a2200277 i 4500
001 67107
003 ES-MaACL
005 20250806062528.0
007 t|
008 040505s2000 sp ||||1| spa d
040 _aBR-M
080 _a711.6(460.27 M.) Puerta del Sol (0:821.134.2)
100 1 _aMontero Padilla, José.
_982534
245 1 0 _aApuntes para una guía literaria de la Puerta del Sol /
_cpor José Montero Padilla.
260 _aMadrid :
_bAyuntamiento, Primera Tenencia de Alcaldía :
_bInstituto de Estudios Madrileños,
_c2000.
300 _a24 p. ;
_c21 cm.
490 1 _aCiclo de conferencias: La Plaza de la Puerta del Sol ;
_v22
500 _aPrecede al tit.: Centro Mesonero Romanos.
650 4 _aPlazas-
_zMadrid.
_916135
651 4 _aMadrid-
_xEn la literatura.
_9138069
651 4 _aPuerta del Sol (Madrid)-
_xEn la literatura.
_99274
710 2 _aInstituto de Estudios Madrileños
_94916
830 0 _aCiclo de conferencias: La Plaza de la Puerta del Sol ;
_v22
_9183085
852 _aES-MaACL
_j2173-F-18
_bR.133038
999 _c67107
_d67107